| 000 | 00351nam a2200145Ia 4500 | ||
|---|---|---|---|
| 008 | 230917s9999||||xx |||||||||||||| ||und|| | ||
| 040 |
_e116140 _aMAIN |
||
| 041 | _aEnglish | ||
| 082 | _a668 C377S :d | ||
| 100 | _aSelegny, Eric | ||
| 245 | 0 | _aOptically active polymers | |
| 260 |
_aLondon _bD Reidel _c1979 |
||
| 300 | _avii, 417p p. | ||
| 942 | _cBK | ||
| 999 |
_c215950 _d215950 |
||